000 00676cam a22002293a 4500
001 30445
003 PGUSA
005 20140828083646.0
008 091110s2009||||xxu|||||s|||||000 | eng d
040 _aPGUSA
_beng
042 _adc
050 4 _aPZ
100 1 _aLucas, E. V.
_q(Edward Verrall),
_d1868-1938
245 1 4 _aThe Flamp, The Ameliorator, and The Schoolboy's Apprentice
_h[electronic resource] /
_cE. V. Lucas
260 _bProject Gutenberg,
_c2009
506 _aPublic domain in the USA.
516 _aElectronic text
653 _aChildren's stories
830 0 _aProject Gutenberg
_v30445
856 4 0 _uhttp://www.gutenberg.org/ebooks/30445
942 _cEB
999 _c259700
_d259700